| 000 | 01164nam a22002777a 4500 | ||
|---|---|---|---|
| 003 | dpl | ||
| 005 | 20180728142821.0 | ||
| 008 | 180728b xxu||||| |||| 00| 0 eng d | ||
| 010 | _aB-048809 | ||
| 020 |
_c175.00 _a8170164974 |
||
| 035 | _aB-048809, B-048819 | ||
| 037 | _bCen Lib/Ret | ||
| 040 |
_aDPL _bHN _c0 |
||
| 082 |
_a820.8 _bशर्माना |
||
| 100 |
_aशर्मा, नासिरा _977885 |
||
| 245 |
_aकिताब के बहाने / _cनासिरा शर्मा |
||
| 246 |
_aKitab ke bahane / _bby Nasira Sharma |
||
| 260 |
_aनई दिल्ली _bकिताबघर प्रकाशन _c2001 |
||
| 270 |
_bनई दिल्ली _a24, अंसारी रोड, दरयागंज _e110002 |
||
| 300 |
_a196पृ. _c20सेमी(सजिल्द ) |
||
| 650 |
_a साहित्य--उपन्यास _x _977886 |
||
| 650 |
_aहिंदी--उपन्यास--देश प्रेम _977887 |
||
| 650 |
_aLiterature--Fiction _977888 |
||
| 650 |
_aHindi--Fiction--Country Love _977889 |
||
| 942 |
_2ddc _cHN _h820.8 _mशर्माना |
||
| 999 |
_c117999 _d117999 |
||